|
|
|
|
| LEADER |
00000cam a2200000 7i4500 |
| 001 |
0000007494 |
| 002 |
000008053 |
| 005 |
20000330.0 |
| 020 |
|
|
|a 9838932590
|
| 090 |
0 |
0 |
|a C
|b LEE
|
| 100 |
0 |
|
|a Lee Inas
|
| 245 |
1 |
4 |
|a The Best of Lee Inas
|c Lee Inas
|
| 260 |
|
|
|a Kuala Lumpur :
|b Creative Enterprise Sdn.Bhd. ,
|c 1995
|
| 300 |
|
|
|a 98p. ;
|c 28cm.
|
| 650 |
0 |
0 |
|a Cartoon and carricatures
|
| 650 |
0 |
0 |
|a Comic Book
|
| 999 |
|
|
|a 00193765
|b BUKU
|c CARTOON
|e PERPUSTAKAAN KOMUNITI PETALING JAYA
|
| 999 |
|
|
|a 052051
|b BUKU
|c RUJUKAN
|e PERPUSTAKAAN KOMUNITI PETALING JAYA
|
| 999 |
|
|
|a 052052
|b BUKU
|c CARTOON
|e PERPUSTAKAAN KOMUNITI PETALING JAYA
|
| 999 |
|
|
|a 052053
|b BUKU
|c CARTOON
|e PERPUSTAKAAN KOMUNITI PETALING JAYA
|
| 999 |
|
|
|a 055377
|b BUKU
|c CARTOON
|e PERPUSTAKAAN KOMUNITI CAW KOTA DAMANSARA
|
| 999 |
|
|
|a 055378
|b BUKU
|c CARTOON
|e PERPUSTAKAAN KOMUNITI CAW KOTA DAMANSARA
|